The World’s Corner Countries - Statistics

General Stats
  • This quiz has been taken 13 times
  • The average score is 17 of 21
Answer Stats
Africa Answer % Correct
E Brazil
91%
N Canada
91%
S Chile
91%
N Colombia
91%
S Panama
91%
W Peru
91%
N Russia
91%
E Russia
91%
S Spain
91%
E Canada
82%
E Russia
82%
S South Africa
82%
N Tunisia
82%
W United States
82%
N/E/S/W Australia
73%
N Norway
73%
W Portugal
73%
E Somalia
73%
W Senegal
64%
W Turkey
64%
S Malaysia
55%
No matching quizzes found
Score Distribution
Percent of People with Each Score
Percentile by Number Answered
Your Score History
You have not taken this quiz